| 000 | 01575nam a22002657a 4500 | ||
|---|---|---|---|
| 003 | NALT | ||
| 005 | 20250519142820.0 | ||
| 008 | s2548 th tha d | ||
| 020 | _a9749717635 | ||
| 040 | _aNALT | ||
| 041 | _atha | ||
| 050 |
_aHD6300 _bก276ค 2548 |
||
| 100 | 0 | _aพันธุ์ทิพย์ กาญจนะจิตรา สายสุนทร | |
| 245 | 1 | 0 | _aคำถามและข้อท้าทายต่อนโยบายรัฐไทยในการจัดการปัญหามิติสุขภาวะและสิทธิของแรงงานข้ามชาติ |
| 246 | _aคำถามและข้อท้าทายต่อนโยบายรัฐไทย ในมิติสุขภาวะและสิทธิของแรงงานข้ามชาติ | ||
| 260 | 3 |
_aนครปฐม : _bสถาบันวิจัยประชากรและสังคม มหาวิทยาลัยมหิดล, _c2548 |
|
| 300 |
_a157 หน้า : _bภาพประกอบ, ตาราง ; _c29 ซม. |
||
| 650 | 0 | 4 | _aคนต่างด้าว -- วิจัย |
| 650 | 0 | 4 | _aสุขภาวะและสิทธิ -- วิจัย |
| 650 | 0 | 4 | _aแรงงานต่างด้าว -- วิจัย |
| 650 | 0 | 4 | _aแรงงานข้ามชาติ -- วิจัย |
| 850 | _aNALT | ||
| 942 |
_cRSH _2lcc |
||
| 999 |
_c43562 _d43562 |
||
| 998 |
_j111 _k นางสาวพจพิณ พรมเอี่ยม |
||